000 00890nam a22002057a 4500
003 NUST
005 20230118125406.0
008 230118b ||||| |||| 00| 0 eng d
020 _a9788126542574
082 _a658.404,POR
100 _aE. Portny, Stanley
_9106976
245 _aProject Management for Dummies /
_cStanley E. Portny,
250 _a4th edition
260 _aJohn Wiley
_bIndia
_c2013
300 _axv, 390 p
505 _aPart I. Getting started with Project Management (Page-7), Part II. Planning time determining when and how much (Page-105), Part III. Group work putting your team together (Page-197), Part IV. Steering the ship managing your project to success (Page-255), Part V. Taking your project management to the next level (Page-327), Part VI. The part of tens (Page-359).
650 _aProject Management
651 _aDummies
_9106977
942 _2ddc
_cBK
999 _c592947
_d592947